00622nam a2200169 i 45000010005000000030009000050050017000140080041000310400033000720820026001052450042001312600102001733000047002755040041003226500042003637110047004051188BD-DhUAP20200126163439.0200126s1975 bg a b 000 0 eng  aDLCcBD-DhUAPdBD-DhUAPbEng00a301.412095492 WOM22300aWomen for women :b Bangladesh, 1975. aDacca :bPublished for the Women for Women, Research and Study Group by University Press,cc1975. axii, 248 pages : billustrations ;c22 cm. aIncludes bibliographical references. 0aWomenzBangladeshxSocial conditions. aWomen for Women, Research and Study Group.